Fifteen Shades of Red - Sudden Death - Statistics

General Stats
  • This quiz has been taken 4,234 times
    1,892 since last reset
  • The average score is 8 of 15
Answers on the Grid
Answers color-coded by a green-red scale on the quiz's grid according to % correct below.
Crimson
Cardinal
Vermilion
Carmine
Madder
Poppy
Rusty
Fire engine
Blood
Lust
Scarlet
Tomato
Barn
Ruby
Brick
Aquamarine
Vulcan
Gamut
Chartreuse
Centurion
Blake
Aubergine
Chorizo
Myrtle
Teal
Mao
Raticate
 
Answer Stats
Answer % Correct
Ruby
75%
Blood
74%
Crimson
73%
Scarlet
71%
Tomato
68%
Brick
60%
Fire engine
55%
Cardinal
53%
Poppy
48%
Rusty
48%
Vermilion
47%
Carmine
40%
Barn
25%
Lust
17%
Madder
8%
No matching quizzes found
Score Distribution
Percent of People with Each Score
Percentile by Number Answered
Your Score History
You have not taken this quiz since the last reset